000
00283nam a2200109 4500
999
_c
507265
_d
507265
082
_a
L1 1948-49
100
_a
India. Ministry of Finance
_9
1243
245
_a
Budget, 1948-49
_c
by Ministry of Finance
260
_a
Delhi
_b
Manager of Publications
_c
1949
300
_a
v.p.
942
_2
ddc